| 000 | 00873nam a2200265 a 4500 | ||
|---|---|---|---|
| 003 | MX-MxUPN | ||
| 005 | 20241001063925.0 | ||
| 008 | 991125s1932 fr fr 001 0 fre d | ||
| 035 | _aUPN01000001348 | ||
| 040 |
_aMX-MxUPN _bspa _cMX-MxUPN |
||
| 041 | _afre | ||
| 050 | 4 |
_aLA812 _bM8.2 1932 |
|
| 110 | 2 |
_aMuseé Scolaire National (Bruksela). _953421 |
|
| 245 | 1 | 2 | _aL'aide a qui veut s'instruire |
| 260 |
_aBruxelles : _bMinistère des Sciences et des Arts, _c1932. |
||
| 300 | _a200 páginas | ||
| 504 | _aIncluye índice. | ||
| 650 | 4 |
_aEducación _zBélgica _915002 |
|
| 651 | 4 |
_aBélgica _xVida intelectual _93469 |
|
| 700 | 1 |
_951389 _aLuna de Ibarra, Luz _epropietaria anterior |
|
| 710 | 2 |
_aInstituto Nacional de Investigación Educativa (México) _epropietario anterior _928086 |
|
| 902 | _bMaríaRobles/040924 | ||
| 905 | _aLibro | ||
| 942 |
_2lcc _cLIBRO _n0 |
||
| 999 |
_c1348 _d1348 |
||